Southville International School and Colleges
Your cart is empty.
  • Cart
  • Lists
    Public lists Eva Luna New books Lux_list list_1
    Your lists Log in to create your own lists
  • Log in to your account
  • Your cookies
  • Search history
Southville International School and Colleges
  • Advanced search
  • Recent comments
  • Most popular
  • Libraries

Log in to your account

Log in with GOOGLE


If you do not have an external account, but do have a local account, you can still log in:

  1. Home
  2. MARC view: The therapeutic use of self in counselling and psychotherapy
Normal view MARC view ISBD view

The therapeutic use of self in counselling and psychotherapy (Record no. 364794)

[ view plain ]
MARC details
000 -LEADER
fixed length control field 00502nam a22001697a 4500
003 - CONTROL NUMBER IDENTIFIER
control field 0
005 - DATE AND TIME OF LATEST TRANSACTION
control field 20220817102151.0
008 - FIXED-LENGTH DATA ELEMENTS--GENERAL INFORMATION
fixed length control field 220817b xxu||||| |||| 00| 0 eng d
020 ## - INTERNATIONAL STANDARD BOOK NUMBER
International Standard Book Number 978-1-5297-6145-0
050 ## - LIBRARY OF CONGRESS CALL NUMBER
Classification number R727
Item number .F56 2022
245 ## - TITLE STATEMENT
Title The therapeutic use of self in counselling and psychotherapy
Statement of responsibility, etc Linda Finlay
260 ## - PUBLICATION, DISTRIBUTION, ETC. (IMPRINT)
Place of publication, distribution, etc Los Angeles
Name of publisher, distributor, etc Sage
Date of publication, distribution, etc 2022
300 ## - PHYSICAL DESCRIPTION
Extent xiv,191p.
Dimensions 24cm
Accompanying material Includes references and index.
Type of unit Book
500 ## - GENERAL NOTE
General note Counseling
500 ## - GENERAL NOTE
General note Psychotherapy.
942 ## - ADDED ENTRY ELEMENTS (KOHA)
Source of classification or shelving scheme Library of Congress Classification
Koha item type Books
Holdings
Withdrawn status Lost status Source of classification or shelving scheme Damaged status Home library Current library Shelving location Date acquired Source of acquisition Sub Shelving location Total Checkouts Full call number Barcode Date last seen Price effective from Koha item type
    Library of Congress Classification   College Library College Library Graduate Section 08/17/2022 Library Fund     R727 .F56 2022 C22825 08/17/2022 08/17/2022 Books

The therapeutic use of self in counselling and psychotherapy

APA

(2022). The therapeutic use of self in counselling and psychotherapy. Los Angeles: Sage.

Chicago

2022. The therapeutic use of self in counselling and psychotherapy. Los Angeles: Sage.

Harvard

(2022). The therapeutic use of self in counselling and psychotherapy. Los Angeles: Sage.

MLA

The therapeutic use of self in counselling and psychotherapy. Los Angeles: Sage. 2022.

  • Place hold
  • Print
  • Cite
  • Add to your cart (remove)
  • Save record
    BIBTEX Dublin Core MARCXML MARC (non-Unicode/MARC-8) MARC (Unicode/UTF-8) MARC (Unicode/UTF-8, Standard) MODS (XML) RIS
  • More searches
    Search for this title in:
    Other Libraries (WorldCat) Other Databases (Google Scholar) Online Stores (Bookfinder.com) Open Library (openlibrary.org)

Exporting to Dublin Core...

SOUTHVILLE LIBRARY

Southville International School and Colleges Library

1281 Tropical Ave. Cor. Luxembourg St., BF Homes International, Las Pinas City

Tel. No. 8256374 / 252358 Loc. 117/146

Powered by Koha